000 00268nam a22001217a 4500
008 170811b xxu||||| |||| 00| 0 eng d
041 _aeng
080 _a51
100 _a36
101 _aMAT
245 _aA MODERN VIEW OF GEOMETRY
_cBLUMENTHAL,L.M
942 _2udc
_cBK
999 _c23245
_d23245